000 00823nam a2200265 a 4500
001 44421
003 AR-BaAGN
005 20231117134851.0
007 ta
008 s2020 ag |||||r|||| ||| ||spa d
020 _a9789502329680
040 _aAR-BaAGN
_bspa
_eaacr
100 1 _aRoccatagliata, Juan Ignacio,
_d1977-
_9672
245 1 3 _aLa Argentina como potencia media :
_bidentidad, política exterior y una visión del país para el siglo XXI /
_cJuan Ignacio Roccatagliata.
250 _a1a ed.
260 _aBuenos Aires :
_bEudeba,
_c2020.
300 _a247 páginas :
_bmapas, diagrs. ;
_c23 cm.
336 _2rdacontent
_btxt
337 _2rdamedia
_bn
338 _2rdacarrier
_bnc
490 0 _aTemas. Economía
650 4 _aPOLÍTICA EXTERIOR
_91420
650 4 _aECONOMÍA
_91656
942 _cLIBRO
_kAGN
_n0
999 _c44421
_d44421